English Vocabulary 2 - Statistics

General Stats
  • This quiz has been taken 67 times
  • The average score is 19 of 39
Answer Stats
Answer % Correct
box office hit
89%
long running
89%
award winning
78%
interval
78%
let down
78%
overrated
78%
queue
78%
sold out
78%
worth seeing
78%
appeal to
67%
behind the scenes
67%
be in the limelight
67%
runs the show
67%
on the edge of your seat
56%
staff
56%
the show must go on
56%
employee
44%
leave
44%
manage
44%
overtime
44%
perks
44%
shift
44%
vacancies
44%
earn a living
33%
fill in for
33%
fill out
33%
hit the big time
33%
put off
33%
room for advancement
33%
self employed
33%
star studded event
33%
take on
33%
fallen behind
22%
follow up
22%
slacking off
22%
stress me out
22%
clock in
11%
look into
11%
taking off
11%
No matching quizzes found
Score Distribution
Percent of People with Each Score
Percentile by Number Answered
Your Score History
You have not taken this quiz